Statistiques concernant Top 15 des pays avec les décès de Covid-19 - 27 septembre

Cliquez ici pour prendre le quiz!

Statistiques générales

  • Ce quiz a été pris 16 fois
  • Le résultat moyen est 14 sur 20

Statistiques - réponses

pays% Correct
Etats-Unis
100%
France
100%
Brésil
94%
Espagne
94%
Mexique
94%
Italie
88%
Inde
81%
Royaume-Uni
81%
Russie
81%
Argentine
75%
Colombie
75%
Belgique
69%
Chili
63%
Afrique du Sud
56%
Pérou
56%
Bolivie
50%
Équateur
50%
Suède
50%
Iran
31%
Panama
25%

Distribution des résultats

Percentile par nombre de réponses

% des personnes avec chaque résultat

Votre développement - résultats

Vous n’avez pas pris ce quiz